000 00772nam a2200253Ia 4500
003 OSt
005 20220918171408.0
006 a|||||r|||| 00| 0
007 ta
008 220917b |||||||| |||| 00| 0 eng d
020 _a9781611480221 (hbk)
_c3643.64
024 _a258,044
037 _b33470, 14/11/2011, Segment Book Distributors
_cTextual
040 _aARTS
_cARTS
_beng
041 _2eng
_aeng
082 _aY16, Q1
100 _aFaull Katherine M Ed.
_936323
245 0 _aMasculinity, senses, spirit
260 _aLewisburg
_bBucknell University Press
_c2011
300 _a212p.
_ccm.
650 _aSOCIOLOGY
942 _hY16, Q1
_cTEXL
_2CC
999 _c139381
_d139381